书目信息 |
| 题名: |
儒学与汉代历史文化
|
|
| 作者: | 陈启云 著 | |
| 分册: | ||
| 出版信息: | 桂林 广西师范大学出版社 2007 |
|
| 页数: | 47,427页 | |
| 开本: | 24cm | |
| 丛书名: | 南开大学国际多元文化综合研究所丛书 | |
| 单 册: | ||
| 中图分类: | C52 , B234.05 | |
| 科图分类: | ||
| 主题词: | 文史哲--文集 , 哲学思想--中国--两汉时代--文集 , 文史哲 , 哲学思想 | |
| 电子资源: | ||
| ISBN: | 978-7-5633-6774-0 | |
| 000 | 01075oam2 2200301 450 | |
| 001 | 1235184921 | |
| 005 | 20121003094700.00 | |
| 010 | @a978-7-5633-6774-0@dCNY49.80 | |
| 100 | @a20071210d2007 em y0chiy50 ea | |
| 101 | 0 | @achi |
| 102 | @aCN@b450000 | |
| 105 | @ay z 000yy | |
| 200 | 1 | @a儒学与汉代历史文化@Aru xue yu han dai li shi wen hua@e陈启云文集(二)@f陈启云著 |
| 210 | @a桂林@c广西师范大学出版社@d2007 | |
| 215 | @a47,427页@d24cm | |
| 225 | 2 | @a南开大学国际多元文化综合研究所丛书 |
| 330 | @a本书分为汉代思想文化、汉代儒学、历史考证三部分。收录文章有:《两汉思想文化史的宏观意义》、《汉儒理念与价值观研究的方法论问题之理论篇》、《两晋三省制度之渊源、特色及演变》等。 | |
| 461 | 0 | @12001 @a南开大学国际多元文化综合研究所丛书 |
| 517 | 1 | @a陈启云文集(二)@Achen qi yun wen ji ( er ) |
| 606 | 0 | @a文史哲@j文集 |
| 606 | 0 | @a哲学思想@y中国@z两汉时代@j文集 |
| 606 | 0 | @a文史哲 |
| 606 | 0 | @a哲学思想 |
| 690 | @aC52@v4 | |
| 690 | @aB234.05@v4 | |
| 701 | 0 | @a陈启云@Achen qi yun@f(1933~)@4著 |
| 801 | 0 | @aCN@bNLC@c20101222 |
| 905 | @a10447@dC52@eJY118 | |
| 儒学与汉代历史文化:陈启云文集(二)/陈启云著.-桂林:广西师范大学出版社,2007 |
| 47,427页;24cm.-(南开大学国际多元文化综合研究所丛书) |
| ISBN 978-7-5633-6774-0:CNY49.80 |
| 本书分为汉代思想文化、汉代儒学、历史考证三部分。收录文章有:《两汉思想文化史的宏观意义》、《汉儒理念与价值观研究的方法论问题之理论篇》、《两晋三省制度之渊源、特色及演变》等。 |
| ● |
| 相关链接 |
|
|
|
|
正题名:儒学与汉代历史文化
索取号:C52/JY118
 
预约/预借
| 序号 | 登录号 | 条形码 | 馆藏地/架位号 | 状态 | 备注 |
| 1 | 7810227 | 278102278 | 学院路分馆/ [索取号:C52/JY118] | 在馆 | |
| 2 | 7810228 | 278102287 | 学院路分馆/ [索取号:C52/JY118] | 在馆 |